MARC

LEADER 00000nam0a2200000 4500
001 303283
005 20231102001604.0
035 |a (RuTPU)RU\TPU\book\328504 
090 |a 303283 
100 |a 20150901d1968 k y0rusy50 ca 
101 0 |a rus 
102 |a RU 
105 |a a z 001zy 
200 1 |a Электрические и аэродинамические характеристики высоковольтных изоляторов  |f С. Г. Соколов  |g Академия наук СССР (АН СССР), Сибирское отделение (СО), Сибирский научно-исследовательский институт энергетики 
210 |a Новосибирск  |c Наука  |d 1968 
215 |a 100 с.  |c ил. 
320 |a Библиогр.: с. 95-99. 
606 1 |a Изоляторы опорные  |2 stltpush  |3 (RuTPU)RU\TPU\subj\12318  |9 39126 
610 1 |a высоковольтные изоляционные конструкции 
610 1 |a электродинамические характеристики 
610 1 |a аэродинамические свойства 
610 1 |a снег 
610 1 |a зимние условия 
610 1 |a влияние 
610 1 |a изоляционные материалы 
610 1 |a проектирование 
675 |a 621.315.62  |v 3 
700 1 |a Соколов  |b С. Г.  |g Сергей Гаврилович 
712 0 2 |a Академия наук СССР (АН СССР)  |b Сибирское отделение (СО)  |b Сибирский научно-исследовательский институт энергетики  |c (Новосибирск)  |2 stltpush  |3 (RuTPU)RU\TPU\col\11215 
801 1 |a RU  |b 63413507  |c 20150901 
801 2 |a RU  |b 63413507  |c 20150924  |g RCR 
942 |c BK